[Event "Esbjerg Autumn 2nd"]
[Site "Esbjerg"]
[Date "2019.10.20"]
[Round "7"]
[White "Jensen, Henrik Tranberg"]
[Black "Hansen, Lars"]
[Result "0-1"]
[WhiteElo "2023"]
[BlackElo "2207"]
[PlyCount "94"]
[EventDate "2019.10.18"]
[EventType "swiss"]
[EventRounds "7"]
[EventCountry "DEN"]
[SourceTitle "CBM 192 Extra"]
[Source "Chessbase"]
[SourceDate "2019.11.06"]
[SourceVersion "1"]
[SourceVersionDate "2019.11.06"]
[SourceQuality "1"]

1. d4 e6 2. c4 b6 3. e4 Bb7 4. Bd3 Bb4+ 5. Bd2 Bxd2+ 6. Qxd2 f5 7. Nc3 Nf6 8. f3 Nc6 9. Nge2 fxe4 10. fxe4 0-0 11. 0-0 e5 12. d5 Ne7 13. Ng3 d6 14. Nce2 Bc8 15. h3 Qe8 16. Kh2 Bd7 17. Qe3 Qg6 18. Nf5 Bxf5 19. exf5 Qh5 20. Kg1 Qh4 21. Rf2 b5 22. Rc1 bxc4 23. Rxc4 Nexd5 24. Qf3 Qg5 25. Be4 Nxe4 26. Qxe4 Nf6 27. Qc6 Qe3 28. Rc3 Qb6 29. Ng3 Rac8 30. Ne4 Qxc6 31. Nxf6+ Rxf6 32. Rxc6 d5 33. Rfc2 Rxf5 34. R2c5 e4 35. g4 Re5 36. Rxc7 Rxc7 37. Rxc7 d4 38. Rxa7 Rd5 39. Kf1 Kf8 40. Ra8+ Ke7 41. Ra7+ Ke6 42. Ra8 Ke5 43. Ke1 e3 44. b4 Ke4 45. Re8+ Kd3 46. a4 Rd7 47. b5 Ra7 0-1

[Event "Esbjerg Autumn 2nd"]
[Site "Esbjerg"]
[Date "2019.10.19"]
[Round "4"]
[White "Lindestrom, Torsten"]
[Black "Jensen, Henrik Tranberg"]
[Result "0-1"]
[WhiteElo "2168"]
[BlackElo "2023"]
[PlyCount "68"]
[EventDate "2019.10.18"]
[EventType "swiss"]
[EventRounds "7"]
[EventCountry "DEN"]
[SourceTitle "CBM 192 Extra"]
[Source "Chessbase"]
[SourceDate "2019.11.06"]
[SourceVersion "1"]
[SourceVersionDate "2019.11.06"]
[SourceQuality "1"]

1. d4 Nf6 2. Bg5 g6 3. Bxf6 exf6 4. e3 Bg7 5. g3 0-0 6. Bg2 d5 7. c4 dxc4 8. Qa4 c5 9. d5 f5 10. Nc3 Qb6 11. 0-0-0 Qb4 12. Nge2 Nd7 13. d6 Ne5 14. Nf4 g5 15. Nfd5 Nd3+ 16. Rxd3 Qxa4 17. Nxa4 cxd3 18. Nxc5 Rd8 19. Rd1 Rxd6 20. Rxd3 Bf8 21. Rc3 Be6 22. Nc7 Rad8 23. N7xe6 fxe6 24. Bf3 Bg7 25. Rc2 g4 26. Be2 Rc8 27. b4 b6 28. Nb3 Rxc2+ 29. Kxc2 Kf7 30. b5 e5 31. e4 Rh6 32. exf5 Rxh2 33. Nd2 Rxf2 34. Bxg4 Bh6 0-1

[Event "Varde Weekend Mester"]
[Site "Varde"]
[Date "2017.05.07"]
[Round "4"]
[White "Bonnelykke, Ole"]
[Black "Jensen, Henrik Tranberg"]
[Result "0-1"]
[WhiteElo "2015"]
[BlackElo "2005"]
[PlyCount "50"]
[EventDate "2017.05.05"]
[EventType "tourn"]
[EventRounds "5"]
[EventCountry "DEN"]
[SourceTitle "EXT 2023"]
[Source "ChessBase"]
[SourceDate "2022.10.05"]
[SourceVersion "1"]
[SourceVersionDate "2022.10.05"]
[SourceQuality "1"]

1. e4 d5 2. Nf3 dxe4 3. Ng5 Nf6 4. Bc4 e6 5. Nc3 Be7 6. 0-0 0-0 7. Re1 b6 8. a4 Nc6 9. Ngxe4 Nxe4 10. Nxe4 Bb7 11. c3 Ne5 12. Bf1 Nd3 13. Bxd3 Qxd3 14. f3 g5 15. Re3 Qd5 16. Qe1 e5 17. Nf2 Bd6 18. d3 f5 19. Bd2 Qf7 20. c4 Qg6 21. Kh1 Qh5 22. Rxe5 Rae8 23. Bc3 Bxe5 24. Bxe5 Re6 25. Qe3 f4 0-1

[Event "Varde Weekend Mester"]
[Site "Varde"]
[Date "2017.05.06"]
[Round "2"]
[White "Heinemann, Guido"]
[Black "Jensen, Henrik Tranberg"]
[Result "0-1"]
[WhiteElo "1894"]
[BlackElo "2005"]
[PlyCount "67"]
[EventDate "2017.05.05"]
[EventType "tourn"]
[EventRounds "5"]
[EventCountry "DEN"]
[SourceTitle "EXT 2023"]
[Source "ChessBase"]
[SourceDate "2022.10.05"]
[SourceVersion "1"]
[SourceVersionDate "2022.10.05"]
[SourceQuality "1"]

1. e4 g6 2. d4 Bg7 3. Nc3 d6 4. Bc4 Nf6 5. Nf3 0-0 6. Bg5 c6 7. Qd2 b5 8. Bd3 Bg4 9. e5 Bxf3 10. gxf3 dxe5 11. dxe5 Nd5 12. Nxd5 Qxd5 13. Be4 Qxe5 14. 0-0 f5 15. Bf4 Qxb2 16. Rab1 Qxa2 17. Bd3 Qd5 18. Rb3 e5 19. Bh6 Na6 20. Bxg7 Kxg7 21. Qe2 Nc5 22. c4 Qd4 23. Rfb1 Nxb3 24. Rxb3 a6 25. cxb5 axb5 26. Bb1 Ra1 27. Kg2 Qf4 28. Qb2 Rfa8 29. Rb4 Qg5+ 30. Kf1 Qe7 31. Kg2 R1a4 32. Rb3 Rd8 33. Re3 Qg5+ 34. Kh3 0-1

[Event "Varde Weekend-A"]
[Site "Varde"]
[Date "2016.04.30"]
[Round "3"]
[White "Bonnelykke, Ole"]
[Black "Jensen, Henrik Tranberg"]
[Result "1-0"]
[WhiteElo "2109"]
[BlackElo "2050"]
[PlyCount "63"]
[EventDate "2016.04.29"]
[EventType "tourn"]
[EventRounds "5"]
[EventCountry "DEN"]
[SourceTitle "EXT 2018"]
[Source "ChessBase"]
[SourceDate "2017.10.13"]
[SourceVersion "1"]
[SourceVersionDate "2017.10.13"]
[SourceQuality "1"]

1. e4 d6 2. d4 Nf6 3. Nc3 g6 4. f3 Bg7 5. Be3 0-0 6. Qd2 e5 7. Nge2 exd4 8. Nxd4 Nc6 9. 0-0-0 Nxd4 10. Bxd4 Be6 11. g4 a6 12. h4 Qe7 13. Be2 b5 14. h5 c5 15. Be3 b4 16. Na4 Rfd8 17. hxg6 fxg6 18. g5 Nh5 19. Nb6 Rab8 20. Nd5 Bxd5 21. Qxd5+ Kh8 22. Rxh5 gxh5 23. f4 a5 24. Bxh5 a4 25. Bg4 a3 26. b3 c4 27. bxc4 Rf8 28. Bf5 Bb2+ 29. Kb1 Rg8 30. Rh1 Rg7 31. Bd4 Bxd4 32. Qxd4 1-0

[Event "Varde Weekend-A"]
[Site "Varde"]
[Date "2016.04.30"]
[Round "2"]
[White "Jensen, Henrik Tranberg"]
[Black "Rasmussen, Bjarne Meldgaard"]
[Result "1-0"]
[WhiteElo "2050"]
[BlackElo "1985"]
[PlyCount "55"]
[EventDate "2016.04.29"]
[EventType "tourn"]
[EventRounds "5"]
[EventCountry "DEN"]
[SourceTitle "EXT 2018"]
[Source "ChessBase"]
[SourceDate "2017.10.13"]
[SourceVersion "1"]
[SourceVersionDate "2017.10.13"]
[SourceQuality "1"]

1. d4 Nf6 2. c4 e6 3. a3 d5 4. Nc3 a6 5. Nf3 Be7 6. cxd5 exd5 7. Bf4 0-0 8. e3 Re8 9. h3 Nbd7 10. b4 c6 11. Bd3 Nf8 12. 0-0 Ng6 13. Bh2 Bd6 14. Bxd6 Qxd6 15. Na4 Ne4 16. Bxe4 dxe4 17. Nd2 Qd8 18. Nc5 Qd5 19. Qc2 f5 20. Nc4 Rb8 21. Nb6 Qf7 22. f3 exf3 23. Rxf3 Nh4 24. Rff1 Rxe3 25. Qf2 Qe7 26. Qf4 Ra8 27. Nxa8 Nxg2 28. Kxg2 1-0

[Event "Varde Weekend-A"]
[Site "Varde"]
[Date "2016.04.29"]
[Round "1"]
[White "Jensen, Henrik Tranberg"]
[Black "Jensen, Poul Grydholt"]
[Result "1/2-1/2"]
[WhiteElo "2050"]
[BlackElo "1985"]
[PlyCount "88"]
[EventDate "2016.04.29"]
[EventType "tourn"]
[EventRounds "5"]
[EventCountry "DEN"]
[SourceTitle "EXT 2018"]
[Source "ChessBase"]
[SourceDate "2017.10.13"]
[SourceVersion "1"]
[SourceVersionDate "2017.10.13"]
[SourceQuality "1"]

1. d4 f5 2. Nc3 Nf6 3. Bg5 d5 4. Bxf6 exf6 5. e3 Be6 6. Bd3 Qd7 7. Nge2 Nc6 8. 0-0 Nb4 9. Nf4 Nxd3 10. cxd3 Bd6 11. Nxe6 Qxe6 12. Qb3 0-0-0 13. Rac1 Rhf8 14. Nb5 Kb8 15. a4 f4 16. e4 dxe4 17. d5 Qe5 18. dxe4 Qxe4 19. Qc3 Qb4 20. Qxb4 Bxb4 21. Nxc7 Rf7 22. Rc4 Ba5 23. Ne6 Rxd5 24. Nxf4 Rd8 25. g3 Bc7 26. Ng2 Be5 27. Rb1 Rc7 28. Rb4 Rd2 29. b3 Rcc2 30. Ne3 Ra2 31. Ng4 Rd4 32. Rxd4 Bxd4 33. Ne3 Bc3 34. Rc1 Ra1 35. Rxa1 Bxa1 36. Kg2 Kc7 37. Kf3 Kc6 38. Ke4 Kc5 39. Nc2 Bc3 40. f4 a6 41. g4 g6 42. h4 f5+ 43. gxf5 Bf6 44. fxg6 hxg6 1/2-1/2

[Event "DEN-chT 1415 53rd"]
[Site "Denmark"]
[Date "2015.02.15"]
[Round "7.7"]
[White "Jensen, Henrik Tranberg"]
[Black "Pedersen, Peter Brondt"]
[Result "1/2-1/2"]
[WhiteElo "2057"]
[BlackElo "2173"]
[PlyCount "27"]
[EventDate "2014.10.25"]
[EventType "team-tourn"]
[EventRounds "9"]
[EventCountry "DEN"]
[SourceTitle "EXT 2016"]
[Source "ChessBase"]
[SourceDate "2015.10.08"]
[SourceVersion "1"]
[SourceVersionDate "2015.10.08"]
[SourceQuality "1"]
[WhiteTeam "Esbjerg"]
[BlackTeam "Bronshoj"]
[WhiteTeamCountry "DEN"]
[BlackTeamCountry "DEN"]

1. d4 g6 2. c4 Bg7 3. Nc3 d6 4. e4 Nd7 5. f4 e5 6. fxe5 dxe5 7. d5 Ngf6 8. Nf3 0-0 9. Bd3 h6 10. 0-0 a5 11. Qe1 Nh5 12. Bc2 Qe7 13. Be3 Nf4 14. Rd1 1/2-1/2

[Event "DEN-chT 1415 53rd"]
[Site "Denmark"]
[Date "2015.01.10"]
[Round "4.8"]
[White "Hansen, Mads"]
[Black "Jensen, Henrik Tranberg"]
[Result "1-0"]
[WhiteElo "2310"]
[BlackElo "2058"]
[PlyCount "67"]
[EventDate "2014.10.25"]
[EventType "team-tourn"]
[EventRounds "9"]
[EventCountry "DEN"]
[SourceTitle "EXT 2016"]
[Source "ChessBase"]
[SourceDate "2015.10.08"]
[SourceVersion "1"]
[SourceVersionDate "2015.10.08"]
[SourceQuality "1"]
[WhiteTeam "Skanderborg Nordea"]
[BlackTeam "Esbjerg"]
[WhiteTeamCountry "DEN"]
[BlackTeamCountry "DEN"]

1. e4 g6 2. d4 Bg7 3. Nc3 d6 4. g3 Nf6 5. Bg2 0-0 6. Nge2 Nbd7 7. 0-0 e5 8. h3 Re8 9. Be3 b6 10. d5 Ba6 11. a4 Bxe2 12. Qxe2 a5 13. Rfd1 Nc5 14. Qf3 Nfd7 15. h4 Qe7 16. Bh3 h6 17. Nb5 Na6 18. Ra3 Ndc5 19. c3 Rf8 20. h5 g5 21. Bd2 Qe8 22. Qe2 Qe7 23. b4 Nb7 24. Raa1 Bf6 25. Na3 Kg7 26. Nc4 Qd8 27. Kh1 Qe8 28. Ne3 axb4 29. cxb4 Nb8 30. Rdc1 Bd8 31. Bc8 Ra7 32. Qg4 c5 33. dxc6 Qxc6 34. Rxc6 1-0

[Event "DEN-chT 1415 53rd"]
[Site "Denmark"]
[Date "2014.12.14"]
[Round "3.8"]
[White "Jensen, Henrik Tranberg"]
[Black "Simonsen, Carsten"]
[Result "0-1"]
[WhiteElo "2057"]
[BlackElo "2207"]
[PlyCount "75"]
[EventDate "2014.10.25"]
[EventType "team-tourn"]
[EventRounds "9"]
[EventCountry "DEN"]
[SourceTitle "EXT 2016"]
[Source "ChessBase"]
[SourceDate "2015.10.08"]
[SourceVersion "1"]
[SourceVersionDate "2015.10.08"]
[SourceQuality "1"]
[WhiteTeam "Esbjerg"]
[BlackTeam "Obro"]
[WhiteTeamCountry "DEN"]
[BlackTeamCountry "DEN"]

1. Nf3 Nf6 2. g3 b6 3. Bg2 Bb7 4. 0-0 c5 5. d3 d5 6. c4 e6 7. Ne5 Bd6 8. Qa4+ Nfd7 9. cxd5 Bxd5 10. Bxd5 exd5 11. Bf4 Bxe5 12. Bxe5 0-0 13. Bf4 Nf6 14. Nc3 d4 15. Nb5 Qd7 16. Qb3 Nc6 17. a4 Rad8 18. Kg2 Rfe8 19. Rfe1 Nd5 20. Bg5 f6 21. Bd2 Qf7 22. Qd1 Re6 23. a5 a6 24. Na3 b5 25. Rc1 Qa7 26. Qc2 b4 27. Nb1 Nxa5 28. Qxc5 Qb7 29. Kg1 Nb3 30. Qc4 Nxc1 31. Bxc1 Qc7 32. Qxd4 Rxe2 33. Rxe2 Qxc1+ 34. Kg2 Qxb1 35. Qc4 Qd1 36. Re8+ Rxe8 37. Qxd5+ Kh8 38. Qf7 0-1

[Event "North Sea Cup 22nd"]
[Site "Esbjerg"]
[Date "2007.07.14"]
[Round "3"]
[White "Hagen, Andreas Skytte"]
[Black "Jensen, Henrik Tranberg"]
[Result "1/2-1/2"]
[WhiteElo "2241"]
[BlackElo "2059"]
[PlyCount "167"]
[EventDate "2007.07.13"]
[EventType "swiss"]
[EventRounds "10"]
[EventCountry "DEN"]
[SourceTitle "CBM 119 Extra"]
[Source "ChessBase"]
[SourceDate "2007.09.04"]
[SourceVersion "1"]
[SourceVersionDate "2007.09.04"]
[SourceQuality "1"]

1. Nf3 d5 2. d4 Nf6 3. c4 e6 4. Nc3 Bb4 5. cxd5 exd5 6. Bg5 h6 7. Bh4 0-0 8. e3 Bf5 9. Bd3 Bxd3 10. Qxd3 Nbd7 11. 0-0 c6 12. Rfc1 Re8 13. a3 Bd6 14. b4 a6 15. Ne2 Nb6 16. Qf5 Qd7 17. Qxd7 Nbxd7 18. Bg3 Ne4 19. Bxd6 Nxd6 20. Nd2 Nf6 21. Nf4 Nfe4 22. Nxe4 Rxe4 23. Nd3 Rae8 24. a4 f5 25. Nc5 R4e7 26. g3 g5 27. Nd3 Kg7 28. Kg2 Kf6 29. Rh1 Nc4 30. h4 g4 31. Rhb1 Nd6 32. Nf4 Ra8 33. Ra2 Rf7 34. Rc2 Nc4 35. Rb3 b5 36. Ra2 Rfa7 37. Rb1 Rb7 38. axb5 Rxb5 39. Nd3 Ke7 40. Rba1 a5 41. bxa5 Raxa5 42. Rxa5 Rxa5 43. Rxa5 Nxa5 44. Kf1 Ke6 45. Ke2 Nc4 46. Kd1 Nd6 47. Ke2 Ne4 48. Nf4+ Kf6 49. Kf1 Nd2+ 50. Ke2 Ne4 51. Kf1 Nd2+ 52. Kg2 Nf3 53. Nd3 Ke6 54. Nc5+ Kd6 55. Nb3 Ne1+ 56. Kf1 Nc2 57. Ke2 Na3 58. Nc5 Nb5 59. Na4 Ke6 60. f3 Nd6 61. Nc5+ Ke7 62. Nd3 Nc4 63. fxg4 fxg4 64. Nf2 h5 65. Nd3 Nd6 66. Nf4 Ne4 67. Nxh5 Kd6 68. Kf1 c5 69. dxc5+ Kxc5 70. Kg2 d4 71. exd4+ Kxd4 72. Nf4 Ke5 73. Ne2 Kf5 74. Kf1 Kg6 75. Kg2 Kf5 76. Nd4+ Kg6 77. Nc2 Kh5 78. Ne3 Nd2 79. Nd5 Kg6 80. Nc3 Nf3 81. Ne2 Kf5 82. Kf2 Ke4 83. Nc3+ Kd3 84. h5 1/2-1/2

[Event "North Sea Cup 20th"]
[Site "Esbjerg"]
[Date "2005.07.06"]
[Round "6"]
[White "Jensen, Henrik Tranberg"]
[Black "Aagaard, Kasper"]
[Result "1/2-1/2"]
[WhiteElo "2093"]
[BlackElo "1913"]
[PlyCount "61"]
[EventDate "2005.07.02"]
[EventType "swiss"]
[EventRounds "9"]
[EventCountry "DEN"]
[SourceTitle "CBM 107 Extra"]
[Source "ChessBase"]
[SourceDate "2005.09.01"]
[SourceVersion "1"]
[SourceVersionDate "2005.09.01"]
[SourceQuality "1"]

1. d4 Nf6 2. c4 e6 3. Nf3 d5 4. Bf4 Bd6 5. Bxd6 cxd6 6. e3 dxc4 7. Bxc4 d5 8. Bd3 Nc6 9. Nc3 Qb6 10. Qd2 Bd7 11. 0-0 Rc8 12. Rac1 0-0 13. Rfe1 Na5 14. Ne5 Nc4 15. Bxc4 dxc4 16. Qe2 Qc7 17. Nb1 Qa5 18. Nxc4 Qxa2 19. Ne5 Qa5 20. Nd2 Bb5 21. Qd1 Qb4 22. Ndf3 Ba4 23. Qd2 Qxd2 24. Nxd2 Nd5 25. Ne4 f6 26. Nc4 Bc6 27. Nc5 Nc7 28. Nd6 Rb8 29. Ncxb7 Bxb7 30. Rxc7 Bd5 31. e4 1/2-1/2

[Event "North Sea Cup 19th"]
[Site "Esbjerg"]
[Date "2004.07.03"]
[Round "1"]
[White "Jensen, Henrik Tranberg"]
[Black "Jacobsen, Per Wurtz"]
[Result "1-0"]
[WhiteElo "2115"]
[BlackElo "2055"]
[PlyCount "53"]
[EventDate "2004.07.03"]
[EventType "swiss"]
[EventRounds "9"]
[EventCountry "DEN"]
[SourceTitle "CBM 101 Extra"]
[Source "ChessBase"]
[SourceDate "2004.09.01"]
[SourceVersion "2"]
[SourceVersionDate "2004.09.01"]
[SourceQuality "1"]

1. d4 Nf6 2. c4 e5 3. dxe5 Ne4 4. g3 Bb4+ 5. Nd2 Nc6 6. Ngf3 d6 7. exd6 Qxd6 8. Bg2 Qc5 9. 0-0 Nxd2 10. Nxd2 Bxd2 11. Bxd2 Qxc4 12. Rc1 Qe6 13. Bf4 Bd7 14. Bxc7 0-0 15. Bd5 Qf6 16. Qd2 Rac8 17. Bf4 h6 18. Rfd1 Rfd8 19. e4 Bg4 20. Re1 Nd4 21. e5 Rxd5 22. Rxc8+ Bxc8 23. Qxd4 Rxd4 24. exf6 Bh3 25. fxg7 Rd7 26. Bxh6 f5 27. Re8+ 1-0

[Event "Travemuende op 19th"]
[Site "Travemuende"]
[Date "2002.12.28"]
[Round "3"]
[White "Jensen, Henrik Tranberg"]
[Black "Issing, Peter"]
[Result "1-0"]
[WhiteElo "2125"]
[BlackElo "2249"]
[PlyCount "72"]
[EventDate "2002.12.21"]
[EventType "swiss"]
[EventRounds "7"]
[EventCountry "GER"]
[SourceTitle "EXT 2004"]
[Source "ChessBase"]
[SourceDate "2003.11.25"]
[SourceVersion "1"]
[SourceVersionDate "2003.11.25"]
[SourceQuality "1"]

1. d4 Nf6 2. c4 c5 3. d5 e6 4. Nc3 exd5 5. cxd5 d6 6. e4 g6 7. f4 Bg7 8. Nf3 0-0 9. Bd3 b5 10. 0-0 a6 11. h3 Re8 12. e5 dxe5 13. fxe5 Nxd5 14. Be4 Nxc3 15. Qxd8 Rxd8 16. Bxa8 Ne2+ 17. Kf2 Nxc1 18. Raxc1 Be6 19. Rfd1 Rc8 20. Bb7 Re8 21. Rxc5 Bxa2 22. Rc8 Rxc8 23. Bxc8 Kf8 24. Bb7 Ke7 25. Bd5 Bxd5 26. Rxd5 f6 27. exf6+ Bxf6 28. b3 Nc6 29. Ke3 Ke6 30. Ke4 h6 31. Rd1 Na5 32. Rb1 Nc6 33. g4 a5 34. Ne1 Kd6 35. Rd1+ Ke6 36. Nd3 Be7 1-0